000 00765nam a2200253 a 4500
001 20013
003 CO-ViMGA
008 141112s2004 ck r 000 u spa d
020 _a8480193573
040 _aCO-ViMGA
_bspa
_cCO-ViMGA
082 0 4 _a793.7 B157j
100 1 _aBantula Janot, Jaume
_929050
245 1 0 _aJuegos motrices cooperativos
250 _a2
260 _aBarcelona :
_bEditorial Paidotribo,
_c2001
300 _a261 p
490 _aColección Pedagogías corporales
590 _aForma de adquisición : Premio Mincultura
650 1 4 _aACTIVIDADES CREATIVAS Y TRABAJO EN CLASE - PLANES DE ESTUDIO
_929051
650 1 4 _aENTRETENIMIENTO
_954011
650 1 4 _aJUEGOS EDUCATIVOS
_918447
650 1 4 _aJUEGOS INFANTILES
_910241
942 _2ddc
_cBK
999 _c3410
_d3410